Biznes plan

Salvato in:
Dettagli Bibliografici
Autore principale: Filar, Ewa
Altri autori: Skrzypek, Jerzy
Natura: Libro
Lingua:polacco
Pubblicazione: Warszawa Poltext 1999
Edizione:3. wyd. rozs.
Serie:Ksiazka z dyskietka-Program BPlan
Soggetti:
Tags: Aggiungi Tag
Nessun Tag, puoi essere il primo ad aggiungerne!!

MARC

LEADER 00000nam a2200000 4500
001 c122146
005 20221108121255.1
020 |a 83-85366-97-0 
041 0 |a pol 
044 |a PL 
245 1 0 |a Biznes plan  |c Ewa Filar, Jerzy Skrzypek 
250 |a 3. wyd. rozs. 
264 1 |a Warszawa  |b Poltext  |c 1999 
300 |a 213 s. 
490 1 |a Ksiazka z dyskietka-Program BPlan 
830 0 |a Ksiazka z dyskietka-Program BPlan 
610 2 0 |a organizácie hospodárske 
610 2 0 |a podnik 
610 2 0 |a plán podnikateľský 
610 2 0 |a plán finančný 
610 2 0 |a reštrukturalizácia 
610 2 0 |a plánovanie podnikové 
610 2 0 |a teória a prax 
610 2 0 |a plán marketingový 
610 2 0 |a využitie počítačov 
610 2 0 |a simulácia 
100 1 |a Filar, Ewa 
700 1 |a Skrzypek, Jerzy